| 000 | 01268cam a22002055a 4500 | ||
|---|---|---|---|
| 001 | L138001 | ||
| 008 | 070511s2007 xxk f 000 0 eng d | ||
| 035 | _a(Sirsi) u138001 | ||
| 041 | 0 | _aeng | |
| 110 | 2 |
_aRoyal Institution of Chartered Surveyors _bTrading Related Valuation Group _94457 |
|
| 245 | 0 | 0 |
_aDraft valuation paper on private care homes _h[electronic resource] |
| 260 |
_aLondon _bRICS _c2007 |
||
| 490 | 0 |
_aValuation Information Paper _v11 |
|
| 520 | _aThe exposure draft of the Valuation Information Paper No.11; 'The valuation and appraisal of private care home properties in England, Wales and Scotland', which is concerned with the valuation of independent healthcare properties, in particular nursing and residential care homes. Puts forward to the view that valuers in this field need to be actively involved in the market for healthcare properties, and that a working knowledge of the regulatory framework is essential. | ||
| 590 | _aKA NTK | ||
| 651 | 4 |
_aUnited Kingdom _y |
|
| 690 | _aPROPERTY-OTHER PROPERTY TYPES-HEALTHCARE AND WELFARE PROPERTY-WELFARE FACILITY AND HOME PROPERTY-WELFARE FACILITIES | ||
| 856 | 4 | 0 | _ahttp://www.rics.org/Property/Commercialproperty/Commercialpropertyappraisalandvaluation/vip_11_draft_040507.htm |
| 942 | _n0 | ||
| 999 |
_c106968 _d106968 |
||